Fußballspieler nach Stationen - Nordamerika - Statistiken

Allgemein
  • Dieses Quiz wurde 32 mal gespielt
  • Das Durchschnittsergebnis liegt bei 6 aus 20
Antwortstatistiken
aktive Profi-Jahre Vereine Spieler % Korrekt
2016- Vancouver Whitecaps, FC Bayern München Alphonso Davies
88%
2005- Chivas Coras, Deportivo Guadalajara, Manchester United, Real Madrid, Bayer 04 Leverkusen, West Ham United, FC Sevilla, LA Galaxy Javier Hernández (Chicharito)
88%
2016- Borussia Dortmund, FC Chelsea, AC Mailand Christian Pulisic
72%
1999-2019 Bayer 04 Leverkusen, San José Earthquakes, Bayer 04 Leverkusen, Los Angeles Galaxy, FC Bayern München, Los Angeles Galaxy, FC Everton, Los Angeles Galaxy, FC Everton, Los Angeles Galaxy, Club León FC, San Diego Sockers Landon Donovan
56%
1999-2014 Hannover 96 Steven Cherundolo
44%
2015- KRC Genk, Bayer 04 Leverkusen, Aston Villa Leon Bailey
40%
1996-2018 Atlas Guadalajara, AS Monaco, FC Barcelona, New York Red Bulls, Club León, Hellas Verona, Atlas Guadalajara Rafael Márquez
40%
2005- CD Saprissa, Albacete Balompié, UD Levante, Real Madrid, Paris Saint-Germain, Nottingham Forest Keylor Navas
36%
1993-2013 Atlas Guadalajara, UAG Tecos, Club América, VfB Stuttgart, Club América, Chicago Fire Pável Pardo
28%
2005- Atlas Guadalajara, Deportivo La Coruña, FC Valencia, Bayer 04 Leverkusen, PSV Eindhoven, Betis Sevilla, Club León Andrés Guardado
24%
1976-1998 UNAM Pumas, San Diego Sockers, Atlético Madrid, Real Madrid, Club América, Rayo Vallecano, CF Atlante, FC Linz, Dallas Burn, Atlético Celaya Hugo Sánchez
24%
2004-2018 New England Revolution, FC Fulham, Tottenham Hotspur, Seattle Sounders, FC Fulham, Seattle Sounders Clint Dempsey
20%
1997-2011 Toronto Lynx, Werder Bremen, Tottenham Hotspur, FC Fulham, Tottenham Hotspur, Borussia Mönchengladbach Paul Stalteri
16%
2015- Betis Sevilla, FC Barcelona, Leeds United Junior Firpo
12%
1989-2012 Portland Timbers, FC Millwall, Leicester City, Rayo Vallecano, Tottenham Hotspur, FC Southampton, Tottenham Hotspur, Borussia Mönchengladbach, FC Fulham, Seattle Sounders Kasey Keller
8%
2003-2023 LD Alajuelense, KAA Gent, FC Twente Enschede, FC Fulham, PSV Eindhoven, FC Fulham, Sporting Lissabon, FC Santos, LD Alajuelense Bryan Ruiz
4%
1997-2012 CD Olimpia, Cagliari Calcio, Inter Mailand, SL Benfica, Inter Mailand, CFC Genua, Inter Mailand, Catania Calcio David Suazo
0%
1989-2009 Aston Villa, Manchester United, Blackburn Rovers, Birmingham City, Sydney FC, AFC Sunderland Dwight Yorke
0%
2014- San Francisco FC, New York Red Bulls, RSC Anderlecht, Olympique Marseille Michael Amir Murillo
0%
1994-2008 CS Herediano, Derby County, West Ham United, Manchester City, FC Málaga, Al-Gharafa, CS Herediano, Rosario Central, FC Tokio, Chicago Fire, CS Herediano Paulo Wanchope
0%
Keine übereinstimmenden Quizze gefunden
Verteilung der Resultate
Anzahl Personen mit jedem Resultat
Perzentil nach korrekt beantworteten Fragen
Ihre Resultats-Entwicklung
Sie haben dieses Quiz noch nicht gespielt